1939 1430 1850 1493 1959 1592 1382 1095 1870 1283 1634 1045 1606 1738 1098 1905 1098 1228 1179 1914 1279 1452 1256 1809 1327 1521 1255 1971 1810 1951 1364 1946 1190 1411 1895 1508 1831 1836 1508 1212 1737 1798 1301 1854 1476 1018 1660 1303 1137 1220 1039 1206 1689 1957 1688 1032 1903 1417 1599 1314 1075 1916 1296 1585 1934 1465 1533 1843 1714 1418 1969 1826 1282 1075 1514 1957 1723 1324 1091 1451 1715 1998 1587 1469 1640 1702 1338 1481 1770 1501 1947 1874 1329 1688 1107 1446 1054 1070 1283 BCNSPRNW ULIB Ver.6.0+V

เปลี่ยนเป็นภาษาไทย

Change to English
 แสดงรายละเอียดบรรณานุกรม
  กลับหน้าหลัก

Brief Record : Get Marc (ISO 2709) : E-mail record : QR code < ปิดหน้าต่าง
LEADER : 00000nam 2200000uu 4500
001    13399115167
003     ULIB
008    120715s2550||||th 000 0 tha d
020    ^a9789747306174
050  4 ^aPE1271^bก975ก 2550
100 0  ^aไกรคุง อนัคฆกุล
245 00 ^aกริยา 3 ช่อง และการใช้Tenses (รูปแบบใหม่)/^cไกรคุง อนัคฆกุล
260    ^aกรุงเทพฯ:^bปัญญาชน,^c2550
300    ^a171 หน้า :^bภาพประกอบ
650  7 ^aภาษาอังกฤษ^xกริยา
945    ^p75^l0^i18087
995    ^aกัณชพร
999    ^aใช้งานได้ทุกระบบ
รายการนี้ยังไม่มีแท็ก
คุณยังไม่ได้ล็อกอิน คุณสามารถมีกิจกรรมร่วมกับเว็บไซต์ได้ แต่ต้องล็อกอินก่อน ::
  ล็อกอิน

รายการสื่อสารสนเทศ

ลำดับที่ ประเภท เลขเรียก/บาร์โค้ด สถานที่ สถานะ
- ไม่พบข้อมูล -

รายการใกล้เคียง
    ผู้แต่ง [ไกรคุง อนัคฆกุล]

BibComment


ยังไม่เคยถูกคอมเมนท์

คอมเมนท์ทรัพยากรรายการนี้
  คอมเมนท์: กริยา 3 ช่อง และ..


 Copyright 2026. Bcnsprnw @Library